000 00387nam a2200121Ia 4500
008 220615s9999||||xx |||||||||||||| ||und||
245 0 _aMass Transfer in Multiphase Systems and its Applications
546 _aEnglish[eng]
650 _aPhysical chemistry
700 _aEl-Amin, Mohamed
856 _uhttps://mts.intechopen.com/storage/books/61/authors_book/authors_book.pdf
942 _cEB
999 _c14635
_d14635